<?xml version="1.0" encoding="UTF-8"?><?xml-stylesheet type="text/xsl" href="static/style.xsl"?><OAI-PMH xmlns="http://www.openarchives.org/OAI/2.0/" xmlns:xsi="http://www.w3.org/2001/XMLSchema-instance" xsi:schemaLocation="http://www.openarchives.org/OAI/2.0/ http://www.openarchives.org/OAI/2.0/OAI-PMH.xsd"><responseDate>2026-04-17T03:11:17Z</responseDate><request verb="GetRecord" identifier="oai:www.recercat.cat:11351/9490" metadataPrefix="marc">https://recercat.cat/oai/request</request><GetRecord><record><header><identifier>oai:recercat.cat:11351/9490</identifier><datestamp>2025-10-24T10:37:41Z</datestamp><setSpec>com_2072_378070</setSpec><setSpec>com_2072_378040</setSpec><setSpec>col_2072_378092</setSpec></header><metadata><record xmlns="http://www.loc.gov/MARC21/slim" xmlns:dcterms="http://purl.org/dc/terms/" xmlns:xsi="http://www.w3.org/2001/XMLSchema-instance" xmlns:doc="http://www.lyncode.com/xoai" xsi:schemaLocation="http://www.loc.gov/MARC21/slim http://www.loc.gov/standards/marcxml/schema/MARC21slim.xsd">
   <leader>00925njm 22002777a 4500</leader>
   <datafield ind2=" " ind1=" " tag="042">
      <subfield code="a">dc</subfield>
   </datafield>
   <datafield ind2=" " ind1=" " tag="720">
      <subfield code="a">Centeno, Fernando</subfield>
      <subfield code="e">author</subfield>
   </datafield>
   <datafield ind2=" " ind1=" " tag="720">
      <subfield code="a">Caro Barri, Ana</subfield>
      <subfield code="e">author</subfield>
   </datafield>
   <datafield ind2=" " ind1=" " tag="720">
      <subfield code="a">Peña-Quintana, Luis</subfield>
      <subfield code="e">author</subfield>
   </datafield>
   <datafield ind2=" " ind1=" " tag="720">
      <subfield code="a">Gil-Villanueva, Nuria</subfield>
      <subfield code="e">author</subfield>
   </datafield>
   <datafield ind2=" " ind1=" " tag="720">
      <subfield code="a">Redecillas, susana</subfield>
      <subfield code="e">author</subfield>
   </datafield>
   <datafield ind2=" " ind1=" " tag="720">
      <subfield code="a">Moráis-López, Ana</subfield>
      <subfield code="e">author</subfield>
   </datafield>
   <datafield ind2=" " ind1=" " tag="260">
      <subfield code="c">2023-05-10T06:55:18Z</subfield>
   </datafield>
   <datafield ind2=" " ind1=" " tag="260">
      <subfield code="c">2023-05-10T06:55:18Z</subfield>
   </datafield>
   <datafield ind2=" " ind1=" " tag="260">
      <subfield code="c">2023-05</subfield>
   </datafield>
   <datafield ind2=" " ind1=" " tag="520">
      <subfield code="a">Cardiopatías congénitas; Terapia nutricional; Técnica delfos</subfield>
   </datafield>
   <datafield ind2=" " ind1=" " tag="520">
      <subfield code="a">Congenital heart defects; Nutrition therapy; Delphi technique</subfield>
   </datafield>
   <datafield ind2=" " ind1=" " tag="520">
      <subfield code="a">Cardiopaties congènites; Teràpia nutricional; Tècnica delfos</subfield>
   </datafield>
   <datafield ind2=" " ind1=" " tag="520">
      <subfield code="a">Introduction&#xd;
The prevalence of malnutrition among infants with congenital heart disease (CHD) is high. Early nutritional assessment and intervention contribute significantly to its treatment and improve outcomes. Our objective was to develop a consensus document for the nutritional assessment and management of infants with CHD.&#xd;
Material and methods&#xd;
We employed a modified Delphi technique. Based on the literature and clinical experience, a scientific committee prepared a list of statements that addressed the referral to paediatric nutrition units (PNUs), assessment, and nutritional management of infants with CHD. Specialists in paediatric cardiology and paediatric gastroenterology and nutrition evaluated the questionnaire in 2 rounds.&#xd;
Results&#xd;
Thirty-two specialists participated. After two evaluation rounds, a consensus was reached for 150 out of 185 items (81%). Cardiac pathologies associated with a low and high nutritional risk and associated cardiac or extracardiac factors that carry a high nutritional risk were identified. The committee developed recommendations for assessment and follow-up by nutrition units and for the calculation of nutritional requirements, the type of nutrition and the route of administration. Particular attention was devoted to the need for intensive nutrition therapy in the preoperative period, the follow-up by the PNU during the postoperative period of patients who required preoperative nutritional care, and reassessment by the cardiologist in the case nutrition goals are not achieved.&#xd;
Conclusions&#xd;
These recommendations can be helpful for the early detection and referral of vulnerable patients, their evaluation and nutritional management and improving the prognosis of their CHD.</subfield>
   </datafield>
   <datafield ind2=" " ind1=" " tag="520">
      <subfield code="a">Introducción&#xd;
La tasa de desnutrición entre los lactantes con cardiopatías congénitas (CC) es elevada. Una evaluación e intervención nutricional tempranas ayudan a su tratamiento y mejoran el pronóstico. El objetivo fue elaborar un documento de consenso para la evaluación y el tratamiento nutricional del lactante con CC.&#xd;
Material y Métodos&#xd;
Se utilizó una técnica Delphi modificada. En base a la literatura y a su experiencia clínica, un comité científico elaboró un listado de afirmaciones que abordaban la derivación a Unidades de Nutrición Pediátrica (UNP), la evaluación y el manejo nutricional de los lactantes con CC. Especialistas en cardiología pediátrica, y gastroenterología y nutrición pediátrica evaluaron el cuestionario en 2 rondas.&#xd;
Resultados&#xd;
Participaron 32 especialistas. Tras dos rondas de evaluación, se consensuaron 150 de 185 ítems (81%). Se determinaron patologías cardiacas de bajo y alto riesgo nutricional y factores asociados cardíacos o extracardíacos que confieren riesgo nutricional alto. Se elaboraron recomendaciones para la evaluación y seguimiento en unidades de nutrición y sobre el cálculo de los requerimientos nutricionales, el tipo de nutrición y la vía de administración. Se enfatiza la necesidad de un tratamiento nutricional intensivo en el preoperatorio, del seguimiento por la UNP en el postoperatorio cuando se haya necesitado intervención preoperatoria, y de la reevaluación por el cardiólogo cuando no se alcancen los objetivos nutricionales.&#xd;
Conclusiones&#xd;
Estas recomendaciones pueden ser de ayuda para la detección precoz y derivación temprana de población vulnerable, su evaluación y tratamiento nutricional y para mejorar el pronóstico de su CC.</subfield>
   </datafield>
   <datafield ind2=" " ind1=" " tag="520">
      <subfield code="a">The study received funding from Danone Nutricia to support in-person and online meetings of experts.</subfield>
   </datafield>
   <datafield ind1="8" ind2=" " tag="024">
      <subfield code="a">http://hdl.handle.net/11351/9490</subfield>
   </datafield>
   <datafield tag="653" ind2=" " ind1=" ">
      <subfield code="a">Cardiopatia congènita en els infants</subfield>
   </datafield>
   <datafield tag="653" ind2=" " ind1=" ">
      <subfield code="a">Decisió, Presa de</subfield>
   </datafield>
   <datafield tag="653" ind2=" " ind1=" ">
      <subfield code="a">Alimentació - Avaluació</subfield>
   </datafield>
   <datafield tag="653" ind2=" " ind1=" ">
      <subfield code="a">DISEASES::Congenital, Hereditary, and Neonatal Diseases and Abnormalities::Congenital Abnormalities::Cardiovascular Abnormalities::Heart Defects, Congenital</subfield>
   </datafield>
   <datafield tag="653" ind2=" " ind1=" ">
      <subfield code="a">Other subheadings::Other subheadings::/therapy</subfield>
   </datafield>
   <datafield tag="653" ind2=" " ind1=" ">
      <subfield code="a">ANALYTICAL, DIAGNOSTIC AND THERAPEUTIC TECHNIQUES, AND EQUIPMENT::Therapeutics::Nutrition Therapy::Nutritional Support</subfield>
   </datafield>
   <datafield tag="653" ind2=" " ind1=" ">
      <subfield code="a">PSYCHIATRY AND PSYCHOLOGY::Behavior and Behavior Mechanisms::Psychology, Social::Group Processes::Consensus</subfield>
   </datafield>
   <datafield tag="653" ind2=" " ind1=" ">
      <subfield code="a">NAMED GROUPS::Persons::Age Groups::Infant</subfield>
   </datafield>
   <datafield tag="653" ind2=" " ind1=" ">
      <subfield code="a">ENFERMEDADES::enfermedades y anomalías neonatales congénitas y hereditarias::anomalías congénitas::anomalías cardiovasculares::cardiopatías congénitas</subfield>
   </datafield>
   <datafield tag="653" ind2=" " ind1=" ">
      <subfield code="a">Otros calificadores::Otros calificadores::/terapia</subfield>
   </datafield>
   <datafield tag="653" ind2=" " ind1=" ">
      <subfield code="a">TÉCNICAS Y EQUIPOS ANALÍTICOS, DIAGNÓSTICOS Y TERAPÉUTICOS::terapéutica::terapia nutricional::apoyo nutricional</subfield>
   </datafield>
   <datafield tag="653" ind2=" " ind1=" ">
      <subfield code="a">PSIQUIATRÍA Y PSICOLOGÍA::conducta y mecanismos de la conducta::psicología social::procesos de grupo::consenso</subfield>
   </datafield>
   <datafield tag="653" ind2=" " ind1=" ">
      <subfield code="a">DENOMINACIONES DE GRUPOS::personas::Grupos de Edad::lactante</subfield>
   </datafield>
   <datafield ind2="0" ind1="0" tag="245">
      <subfield code="a">Nutrition in congenital heart disease: consensus document</subfield>
   </datafield>
</record></metadata></record></GetRecord></OAI-PMH>